00258nam a2200109Ia 4500100002500000650001900025245004800044260001600092082002000108300000800128546001200136 aChandiramani/Sushil  aDigital device aNetworking technologies for Digital devices bNanduc2009 a004.65/CHAbCHA a332 aENGLISH